000 00883nac a22002657a 4500
001 BR8403243
003 BR-BrBNA
005 20240105120045.0
008 230509b bl.|||m| |||| 00| 0 por d
040 _aBR-BrBNA
_bpor
_cBiblioteca Nacional de Agricultura
072 _aE70
090 _a9917 BR8403243
100 1 _aBarroco, H.E.
110 1 _aComissao Executiva do Plano da Lavoura Cacaueira, Ilheus, BA (Brasil)
_92106
245 1 _aConsumo de chocolate no Brasil - valores corrigidos [exportacao, importacao]
260 3 _aIlheus, BA (Brasil):
_c1984.
300 _a16 p.
490 _aSerie Estudos Economicos - Comissao Executiva do Plano da Lavoura Cacaueira (Brazil)
_vno. 6
_x
650 _aCHOCOLATE
650 _aCONSUMO INTERNO
650 _aEXPORTACAO
650 _aIMPORTACAO
909 _a202312
_bLúcia Elande
_c55
_dLúcia Elande
942 _2AGRIS
_n0
_cMS
999 _c277727
_d277727